000 01804cam a2200409 a 4500
001 EDZ0000062238
003 StDuBDS
005 20161031105157.0
006 m||||||||d||||||||
007 cr |||||||||||
008 120312s1995 cau fo| 001|0|eng|d
020 _a9781452240466 (ebook) :
_cNo price
040 _aStDuBDS
_beng
_cStDuBDS
_epn
049 _aAlfaisal Main Library
050 0 _aZ286.M29
_bP82 1995
082 0 4 _a070.5068
_223
245 0 0 _aPublishing in the organizational sciences
_h[electronic resource] /
_cL.L. Cummings, Peter J. Frost, editors.
250 _a2nd ed.
260 _aThousand Oaks, Calif. ;
_aLondon :
_bSAGE,
_cc1995.
300 _a1 online resource (xiii, 330 p.).
490 1 _aFoundations for organizational science
520 8 _aThis book has been written especially for prospective authors who want to learn more about the field to advance their careers and publishing success. More than just a `how to' book, it explains the entire context of scholarly publishing and how it should, ideally, work toward advancing knowledge and successful management practice.
521 _aSpecialized.
588 _aDescription based on print version record.
504 _aIncludes bibliographical references and index.
650 0 _aManagement literature
_xPublishing.
650 0 _aOrganization
_xResearch
_xMethodology.
650 0 _aManagement literature
_xAuthorship.
655 7 _aElectronic books.
_2local
700 1 _aCummings, Larry L.
700 1 _aFrost, Peter J.
710 2 _aSage eBooks
776 0 8 _iPrint version :
_z9780803971455
830 0 _aFoundations for organizational science.
856 4 0 _uhttp://ezproxy.alfaisal.edu/login?url=http://sk.sagepub.com/books/publishing-in-the-organizational-sciences-2e
942 _2lcc
_cEBOOKS
999 _c481010
_d481010